| 000 | 01343cam a22003494a 4500 | ||
|---|---|---|---|
| 001 | 12686886 | ||
| 003 | OSt | ||
| 005 | 20240618111434.0 | ||
| 008 | 020225m20029999ne a b 001 0 eng | ||
| 010 | _a 2002019382 | ||
| 020 | _a0444503307 (v. 1 : alk. paper) | ||
| 020 | _a044451287X (v. 2 : alk. paper) | ||
| 035 | _a(DLC) 2002019382 | ||
| 035 | _a(DLC)2856 | ||
| 040 |
_aMUST LIB _cMUST _dMUST |
||
| 042 | _apcc | ||
| 050 | 0 | 0 |
_aQA911 _b.H34 2003 |
| 082 | 0 | 0 |
_a532.05 _221 _bHAN |
| 245 | 0 | 0 |
_aHandbook of mathematical fluid dynamics / _cedited by S. Friedlander, D. Serre. |
| 250 | _a1st ed. | ||
| 260 |
_aAmsterdam ; _aBoston : _bElsevier, _c2003 |
||
| 300 |
_aXi, 614p. _bill. ; _c24 cm. |
||
| 504 | _aIncludes bibliographical references and indexes. | ||
| 650 | 0 |
_aFluid dynamics. _94940 |
|
| 700 | 1 |
_aFriedlander, Susan, _d1946- _917436 |
|
| 700 | 1 |
_aSerre, D. _q(Denis) _917437 |
|
| 856 | 4 | 1 |
_3Table of contents _uhttp://www.loc.gov/catdir/toc/els051/2002019382.html |
| 856 | 4 | 2 |
_3Publisher description _uhttp://www.loc.gov/catdir/description/els051/2002019382.html |
| 906 |
_a7 _bcbc _corignew _d1 _eocip _f20 _gy-gencatlg |
||
| 942 |
_2ddc _cO_SHELF |
||
| 999 |
_c8605 _d8605 |
||